000 01075nam a2200313 i 4500
003 EG-GICUC
005 20260422071222.0
008 260422s1973 fr ||||fr|||| 00| 0 fre d
040 _aEG-GiCUC
_bfre
_cEG-GiCUC
_dEG-GiCUC
_eRda
082 0 4 _221
_a341.48
_bPE . C
092 0 4 _221
099 _aLaw1 11 341.48 PE . C 1977
100 1 _aPetzold,H.
_eAuteur
245 _aLa Convention De Sauvegarde Des Droits De L'Homme Et Des Libertés Fondamentales:
_bDocuments Et Jurisprudence/
_cH.Petzold.
250 _aDeuxième Édition
264 1 _aFrance :
_bInstitut International Des Droits De L'Homme,
_c1977 .
300 _aMulti pages ;
_c24 cm.
336 _2rda contenu
_a texte
337 _2rda medias
_aOrdinateur
338 _2 transporteur rda
_a Ressource en ligne
546 _aTexte en français
650 _aDroit International Public
650 _aDroits De L'Homme
700 1 _aKhol.A.
_eAuteur
700 1 _aVasak.Karel
_ePréfacier
856 4 0 _uhttps://fll.law.cu.edu.eg/fulltext/bks/B11-09737.pdf
905 _a59
942 _2ddc
_n0
_cBK
_e21
999 _c72758
_d72758